Now harder to move up the housing ladder than to get on it (Record no. 83650)

MARC details
000 -LEADER
fixed length control field 01163cad a22002055a 4500
001 - CONTROL NUMBER
control field E154530
008 - FIXED-LENGTH DATA ELEMENTS--GENERAL INFORMATION
fixed length control field 111219e20111217xxk 000 0 eng u
035 ## - SYSTEM CONTROL NUMBER
System control number (Sirsi) u154530
041 0# - LANGUAGE CODE
Language code of text/sound track or separate title eng
110 2# - MAIN ENTRY--CORPORATE NAME
Corporate name or jurisdiction name as entry element Bank of Scotland
9 (RLIN) 5792
245 00 - TITLE STATEMENT
Title Now harder to move up the housing ladder than to get on it
Medium [electronic resource]
260 ## - PUBLICATION, DISTRIBUTION, ETC.
Date of publication, distribution, etc. 2011
490 ## - SERIES STATEMENT
Series statement Bank of Scotland Press Release
Volume/sequential designation 17 December 2011
520 ## - SUMMARY, ETC.
Summary, etc. The Bank of Scotland second stepper housing affordability measure for Scotland (the average price of a typical second stepper home less their current equity position as a ratio of average earnings) was 4.3 times gross annual average earnings in October 2011. This is the highest ratio since records began in 1987, however Scotland is still the third most affordable region of the UK for people moving on to their second home.
590 ## - LOCAL NOTE (RLIN)
Local note KA
651 #4 - SUBJECT ADDED ENTRY--GEOGRAPHIC NAME
Geographic name Scotland
Chronological subdivision 1999-
690 ## - LOCAL SUBJECT ADDED ENTRY--TOPICAL TERM (OCLC, RLIN)
Topical term or geographic name as entry element PROPERTY-RESIDENTIAL PROPERTY-RESIDENTIAL PROPERTY MARKET
856 40 - ELECTRONIC LOCATION AND ACCESS
Uniform Resource Identifier <a href="https://www.lloydsbankinggroup.com/media/pdfs/bos/2011/171211bos_harder_housing_ladder.pdf">https://www.lloydsbankinggroup.com/media/pdfs/bos/2011/171211bos_harder_housing_ladder.pdf</a>
Public note View the news release free of charge at www.lloydsbankinggroup.com
942 ## - ADDED ENTRY ELEMENTS (KOHA)
Suppress in OPAC 0
Holdings
Withdrawn status Lost status Source of classification or shelving scheme Damaged status Not for loan Home library Current library Shelving location Date acquired Total Checkouts Full call number Barcode Date last seen Copy number Price effective from Koha item type
    Dewey Decimal Classification     Virtual Virtual Online 19/12/2011   ONLINE PUBLICATION 154530-2001 06/08/2019 1 06/08/2019 Journal article